Big data analytics and intelligent techniques for smart cities (Record no. 40133)
[ view plain ]
| 000 -LEADER | |
|---|---|
| fixed length control field | 00658nam a2200241Ia 4500 |
| 003 - CONTROL NUMBER IDENTIFIER | |
| control field | OSt |
| 005 - DATE AND TIME OF LATEST TRANSACTION | |
| control field | 20250123151328.0 |
| 008 - FIXED-LENGTH DATA ELEMENTS--GENERAL INFORMATION | |
| fixed length control field | 241228s9999 xx 000 0 und d |
| 020 ## - INTERNATIONAL STANDARD BOOK NUMBER | |
| International Standard Book Number | 9781032600161 |
| 040 ## - CATALOGING SOURCE | |
| Transcribing agency | KUDSIT |
| 082 ## - DEWEY DECIMAL CLASSIFICATION NUMBER | |
| Classification number | 006.312 PRA/B |
| 100 ## - MAIN ENTRY--PERSONAL NAME | |
| Personal name | Prakash, Kolla Bhanu |
| 245 #0 - TITLE STATEMENT | |
| Title | Big data analytics and intelligent techniques for smart cities |
| 260 ## - PUBLICATION, DISTRIBUTION, ETC. | |
| Place of publication, distribution, etc. | Boca Raton, |
| Name of publisher, distributor, etc. | CRC Press, |
| Date of publication, distribution, etc. | 2023 |
| 300 ## - PHYSICAL DESCRIPTION | |
| Extent | xxiii, 272p. |
| 500 ## - GENERAL NOTE | |
| General note | Supplied by Modern Book Centre, TVPM |
| 600 ## - SUBJECT ADDED ENTRY--PERSONAL NAME | |
| Source of heading or term | Nayak, Janmenjoy |
| 600 ## - SUBJECT ADDED ENTRY--PERSONAL NAME | |
| Source of heading or term | Padmanban, Sanjeevikumar |
| 600 ## - SUBJECT ADDED ENTRY--PERSONAL NAME | |
| Source of heading or term | Madhav, BTP |
| 650 ## - SUBJECT ADDED ENTRY--TOPICAL TERM | |
| Source of heading or term | Big data |
| 650 ## - SUBJECT ADDED ENTRY--TOPICAL TERM | |
| Source of heading or term | Smart City |
| 942 ## - ADDED ENTRY ELEMENTS (KOHA) | |
| Koha item type | Books |
| Source of classification or shelving scheme | Dewey Decimal Classification |
| Withdrawn status | Lost status | Damaged status | Not for loan | Home library | Current library | Date acquired | Total Checkouts | Full call number | Barcode | Date last seen | Price effective from | Koha item type |
|---|---|---|---|---|---|---|---|---|---|---|---|---|
| Kerala University of Digital Sciences, Innovation and Technology Knowledge Centre | Kerala University of Digital Sciences, Innovation and Technology Knowledge Centre | 28/12/2024 | 006.312 PRA/B | 8532 | 28/12/2024 | 28/12/2024 | Books |